| Tag |
First Indicator |
Second Indicator |
Subfields |
| LEADER |
00000cam a2200000 i 4500 |
| 001 |
in00005710721 |
| 005 |
20260318193123.4 |
| 006 |
m o d |
| 007 |
cr ||||||||||| |
| 008 |
140429s2014 enk fob 001 0 eng d |
| 040 |
|
|
|a StDuBDS
|b eng
|e rda
|e pn
|c STF
|d VLB
|d OCLCF
|d YDXCP
|d OCLCQ
|d STBDS
|d N$T
|d YDX
|d EBLCP
|d CEF
|d U3W
|d WYU
|d YOU
|d COO
|d OCLCQ
|d RDF
|d OCLCQ
|d OCLCO
|d OCLCQ
|d OCLCO
|d OCLCL
|d OCLCQ
|
| 019 |
|
|
|a 881509261
|
| 020 |
|
|
|a 9780191775239
|q (electronic bk.)
|
| 020 |
|
|
|a 0191775231
|q (electronic bk.)
|
| 020 |
|
|
|a 9780191009693
|q (electronic bk.)
|
| 020 |
|
|
|a 0191009695
|q (electronic bk.)
|
| 020 |
|
|
|z 9780198704515
|
| 020 |
|
|
|z 0198704518
|
| 035 |
|
|
|a (OCoLC)881141401
|z (OCoLC)881509261
|
| 050 |
|
4 |
|a PN3383.C4
|
| 072 |
|
7 |
|a LAN
|x 005000
|2 bisacsh
|
| 072 |
|
7 |
|a LAN
|x 015000
|2 bisacsh
|
| 072 |
|
7 |
|a REF
|x 026000
|2 bisacsh
|
| 082 |
0 |
4 |
|a 808.397
|2 23
|
| 049 |
|
|
|a TXAM
|
| 100 |
1 |
|
|a Frow, John,
|d 1948-
|e author.
|1 https://id.oclc.org/worldcat/entity/E39PBJwD67773RxwDy3MmCtFrq
|
| 245 |
1 |
0 |
|a Character and person /
|c John Frow.
|
| 264 |
|
1 |
|a Oxford :
|b Oxford University Press,
|c 2014.
|
| 300 |
|
|
|a 1 online resource (xi, 331 pages)
|
| 336 |
|
|
|a text
|b txt
|2 rdacontent
|
| 337 |
|
|
|a computer
|b c
|2 rdamedia
|
| 338 |
|
|
|a online resource
|b cr
|2 rdacarrier
|
| 504 |
|
|
|a Includes bibliographical references and index.
|
| 520 |
8 |
|
|a Fictional character is an ontologically ambivalent category - at once a formal construct and a quasi-person - which lies at the heart of the life of textual fictions of all kinds. The book explores that ambivalence by investigating not only the kinds of thing that character is but how it works to engage readers and the range of typologies through which it has been constructed in very different periods, media, and genres. At the same time, it seeks to explore the ways in which character is person-like, and through that the question of what it means to be a social person.
|
| 588 |
0 |
|
|a Online resource; title from home page (viewed on April 29, 2014).
|
| 650 |
|
0 |
|a Fictitious characters.
|
| 650 |
|
0 |
|a Character in literature.
|
| 650 |
|
0 |
|a Fiction
|x History and criticism.
|
| 650 |
|
6 |
|a Personnages fictifs.
|
| 650 |
|
6 |
|a Caractère dans la littérature.
|
| 650 |
|
6 |
|a Roman
|x Histoire et critique.
|
| 650 |
|
7 |
|a LANGUAGE ARTS & DISCIPLINES
|x Composition & Creative Writing.
|2 bisacsh
|
| 650 |
|
7 |
|a LANGUAGE ARTS & DISCIPLINES
|x Rhetoric.
|2 bisacsh
|
| 650 |
|
7 |
|a REFERENCE
|x Writing Skills.
|2 bisacsh
|
| 650 |
|
7 |
|a Character in literature
|2 fast
|
| 650 |
|
7 |
|a Fiction
|2 fast
|
| 650 |
|
7 |
|a Fictitious characters
|2 fast
|
| 650 |
|
7 |
|a Languages & Literatures.
|2 hilcc
|
| 650 |
|
7 |
|a Literature - General.
|2 hilcc
|
| 655 |
|
7 |
|a Electronic books.
|2 local
|
| 655 |
|
7 |
|a Criticism, interpretation, etc.
|2 fast
|
| 776 |
0 |
8 |
|i Print version:
|a Frow, John, 1948-
|t Character and person.
|b First edition 2014.
|d Oxford Oxford University Press, 2014
|z 9780198704515
|w (OCoLC)881138839
|
| 856 |
4 |
0 |
|u http://proxy.library.tamu.edu/login?url=https://academic.oup.com/book/9587
|z Connect to the full text of this electronic book
|t 0
|
| 955 |
|
|
|a Oxford Scholarship Online
|
| 994 |
|
|
|a 92
|b TXA
|
| 999 |
f |
f |
|i cfc6cb0f-7b34-4f3f-8de5-e6b028ca7b37
|s cd036bbe-45d5-4ef6-b12f-da15ba2be7c0
|t 0
|
| 952 |
f |
f |
|a Texas A&M University
|b College Station
|c Electronic Resources
|s www_evans
|d Available Online
|t 0
|e PN3383.C4
|h Library of Congress classification
|
| 998 |
f |
f |
|a PN3383.C4
|t 0
|l Available Online
|